VRAI/FAUX Anecdotes du cinéma... (2) - Statistiques

Statistiques générales
  • Ce quiz a été pris 27 fois
  • Le résultat moyen est 27 sur 50
Statistiques - réponses
Question Réponse % Correct
La mort aux trousses : Cary Grant ne voulait pas tourner le film VRAI
100%
Alien - le 8e passager : Le rôle du lieutenant Ripley devait être tenu par un homme VRAI
100%
Le Corniaud : La phrase "Elle va marcher beaucoup moins bien, forcément" ne figure pas au scénario, elle est de Bourvil VRAI
100%
Goldfinger : C'est le réalisateur qui a imposé la musique du générique FAUX
75%
Quai des Orfèvres : Le premier titre était Triste Réveillon FAUX
75%
Piège de cristal : Les pieds de Bruce Willis (nus) ont été reconstitués par ordinateur FAUX
75%
Minuit à Paris : Carla Bruni a reçu 50000 $ pour son rôle FAUX
75%
La chevauchée fantastique : Ce sont des Sioux qui jouent les rôles d'Apaches FAUX
75%
La Haine a été tourné en noir et blanc puis colorisé FAUX
75%
Qui veut la peau de Roger Rabbit ? : Le tunnel qui mène à Toonsville est celui de la poursuite finale de Retour vers le futur II VRAI
75%
La Règle du jeu : Le film a été intégré au programme du baccalauréat en 1999 VRAI
75%
Freaks a été un échec commercial VRAI
75%
Destination finale : Les noms des personnages sont des références à des maitres de l'horreur VRAI
75%
Vol au dessus d'un nid de coucou : Le film a été tourné dans un véritable hôpital psychiatrique VRAI
75%
Les enfants du paradis : Marcel Carné, en pleine occupation fait composer la musique par Joseph Kosma et réaliser les décors par Alexandre Trauner, tous deux juifs, ils ne sont pas crédités pour leur propre protection... VRAI
75%
La grande vadrouille : a été la première comédie sur la 2e Guerre mondiale diffusée en Allemagne VRAI
75%
West Side Story : Le rôle de Tony a été proposé à Elvis Presley VRAI
75%
La vie est belle (1946) : Le décor occupait 16000 m2 VRAI
75%
Il était une fois dans l'ouest : C'est le générique le plus long de l'histoire du cinéma VRAI
75%
La loi du silence : Hitchcock voulait tourner avec Anita Bjork mais celle-ci avait un enfant hors mariage et la Warner Bros a insisté pour que le réalisateur choisisse une autre actrice VRAI
75%
Les Enchainés : Le baiser entre Cary Grant et Ingrid Bergman est entrecoupé de dialogues pour échapper à la censure VRAI
75%
Le mécano de la Générale est le film le plus cher du cinéma muet FAUX
50%
La Corde : Le film a été censuré en France et en Angleterre FAUX
50%
La main au collet : Grace Kelly a rencontré le prince Rainier de Monaco à l'occasion du tournage FAUX
50%
Batman : le plan de Gotham City est celui de Montréal FAUX
50%
Little Big Man : Pour avoir la voix d'un vieil homme, Dustin Hoffman a fumé comme un sapeur pendant deux heures FAUX
50%
Dangereusement vôtre : la séquence où on voit Roger Moore respirer sous l'eau grâce aux pneus d'une voiture a été tournée par une doublure qui ne ressemblait pas beaucoup à l'acteur FAUX
50%
Quatre garçons dans le vent : Le noms des Beatles est prononcé 103 fois dans le film FAUX
50%
Les Désaxés est le dernier film achevé de Clark Gable et Marilyn Monroe VRAI
50%
Omar m'a tuer : Certaines scènes ont été tournées dans l'ancien appartement d'Omar Raddad VRAI
50%
A l'est d'Eden : Marlon Brando, Montgomery Clift et Paul Newman ont été pressentis pour jouer le rôle tenu par James Dean. VRAI
50%
La ruée vers l'or : La chaussure mangée par Chaplin et Big Jim était en réglisse VRAI
50%
Anastasia : L'archiduchesse et Raspoutine se rencontrent à Paris VRAI
50%
Certains l'aiment chaud : Tony Curtis et Jack Lemmon ont testé leur travestissement dans les toilettes des femmes du studio VRAI
50%
Taxi Driver : Le tireur qui a tenté de tuer Ronald Reagan en 1981 a dit s'être inspiré du film VRAI
50%
Le jour le plus long : Lors de la 1ère diffusion à la télévision française, le réseau électrique, saturé, a sauté dans plusieurs régions... VRAI
50%
La Chèvre : Un casting a été organisé pour trouver un acteur ayant les narines assez large pour les doigts de Gérard Depardieu VRAI
50%
Elephant man : Le maquillage de l'acteur interprétant le rôle durait 4 heures chaque jour. FAUX
25%
La fureur de vivre : Le réalisateur Nicholas Ray apparait dans le premier plan du film FAUX
25%
Le silence des agneaux : Anthony Hopkins a obtenu l'oscar du meilleur acteur alors qu'il n'apparait que 10 minutes FAUX
25%
Shining : Le labyrinthe a été creusé en deux jours dans deux mètres de neige FAUX
25%
Indiana Jones et la dernière croisade : Sean Connery, qui joue le père du héros n'a que cinq ans de différence avec Harrison Ford FAUX
25%
Gladiator : Mel Gibson a refusé le rôle car le cachet était trop bas FAUX
25%
L'armée des ombres : André Dewavrin joue son propre rôle VRAI
25%
Top Gun : Les Mig-28 n'ont jamais existé VRAI
25%
Le loup de Wall street : La scène du baiser entre Leonardo DiCaprio et Joanna Lumley a nécessité 37 prises FAUX
0%
Qu'est-ce qu'on a fait au Bon Dieu ? Lors de la sortie du film en DVD, des documentaires animaliers ont remplacé le film dans environ 75 boitiers FAUX
0%
L'homme au pistolet d'or : Les mannequins d'entrainement de la salle de Scaramanga sont de vrais acteurs VRAI
0%
Amadeus : L'acteur jouant le rôle de Mozart était réellement pianiste VRAI
0%
Billy Elliot devait s'appeler Dancer mais le titre à été changé après le tournage pour ne pas être confondu avec un autre film. VRAI
0%
Aucun quiz correspondant
Distribution des résultats
% des personnes avec chaque résultat
Percentile par nombre de réponses
Votre historique - résultats
Vous n’avez pas pris ce quiz